Library of the University of Algiers 3
Ibrahim Sultan Cheibout
شعار جامعة الجزائر 3
مكتبة جامعة الجزائر 3
إبراهيم سلطان شيبوط

بحوث العمليات في المحاسبة / (رقم التسجيلة. 45480)

تفاصيل مارك
000 -LEADER
fixed length control field 01931nam a2200229Ia 4500
003 - CONTROL NUMBER IDENTIFIER
control field Ost
005 - DATE AND TIME OF LATEST TRANSACTION
control field 20260507075646.0
008 - FIXED-LENGTH DATA ELEMENTS--GENERAL INFORMATION
fixed length control field 260507s9999||||xx |||||||||||||| ||und||
020 ## - INTERNATIONAL STANDARD BOOK NUMBER
International Standard Book Number ×145223977
040 ## - CATALOGING SOURCE
Transcribing agency fsecg
041 ## - LANGUAGE CODE
Language code of text/sound track or separate title ara
100 ## - MAIN ENTRY--PERSONAL NAME
Personal name البشبيشي، حلمي عبد الفتاح
Relator term مؤلف
245 #0 - TITLE STATEMENT
Title بحوث العمليات في المحاسبة /
Statement of responsibility, etc. حلمي عبد الفتاح البشبيشي
260 ## - PUBLICATION, DISTRIBUTION, ETC.
Place of publication, distribution, etc. القاهرة:
Name of publisher, distributor, etc. مركز التعليم المفتوح,
Date of publication, distribution, etc. 1993
300 ## - PHYSICAL DESCRIPTION
Extent 508 صفحة؛
Other physical details إيضاحات ؛
Dimensions 24 سم
490 ## - SERIES STATEMENT
Series statement دراسات بكالوريوس التجارة في فن المعاملات المالية والتجارية
520 ## - SUMMARY, ETC.
Summary, etc. الإطار العام لبحوث العمليات- نموذج البرمجة الخطية- استخدام الطريقة البيانية في حل نموذج البرمجة الخطية- استخدام الطريقة العامة لحل نموذج البرمجة الخطية في حالة تعظيم الأرباح- استخدام نموذج البرمجة الخطية في تدنية التكاليف- النموذج الثنائي الخطي وأسعار الموارد الإقتصادية- حالات ومشاكل خاصة في البرمجة الخطية- تحليل حساسية نموذج البرمجة الخطية- استخدام نموذج النقل في تدنية التكاليف- نموذج التعيين- استخدام تحليل شبكات أعمال أقصى تدفق في حل المشاكل المحاسبية- نموذج تقييم ومراجعة أداء البرامج- استخدام نموذج بيرت في تدنية التكاليف- نظرية المباريات- نظرية صفوف الإنتظار.
653 ## - INDEX TERM--UNCONTROLLED
Uncontrolled term البرمجيات
653 ## - INDEX TERM--UNCONTROLLED
Uncontrolled term المحاسبة
700 ## - ADDED ENTRY--PERSONAL NAME
Personal name اسماعيل، طه الطاهر ابراهيم، وآخرون
Relator term مؤلف ثانوي
942 ## - ADDED ENTRY ELEMENTS (KOHA)
Koha item type كتب
المقتنيات
Withdrawn status Lost status Source of classification or shelving scheme Damaged status Not for loan Home library Current library Date acquired Inventory number Total checkouts Full call number Barcode Date last seen Price effective from Koha item type
    Dewey Decimal Classification   NOT LOAN / إعارة داخلية مكتبة كلية العلوم الإقتصادية والعلوم التجارية وعلوم التسيير مكتبة كلية العلوم الإقتصادية والعلوم التجارية وعلوم التسيير 07/05/2026 أ/16/1649   أ/16/1649 أ/16/1649 07/05/2026 07/05/2026 كتب

موارد الويب المفتوحة


© University of Algiers 3 All Rights Reserved
|
Implemented by LECHELAH Riad